The Moral Mappings of South and North (Record no. 66568)

MARC details
000 -LEADER
fixed length control field 01307nam a2200229Ii 4500
008 - FIXED-LENGTH DATA ELEMENTS--GENERAL INFORMATION
fixed length control field 221202s xx 000 0 und d
245 #4 - TITLE STATEMENT
Title The Moral Mappings of South and North
264 #1 - PRODUCTION, PUBLICATION, DISTRIBUTION, MANUFACTURE, AND COPYRIGHT NOTICE
Place of production, publication, distribution, manufacture [Place of publication not identified] :
Name of producer, publisher, distributor, manufacturer [Publisher not identified],
Date of production, publication, distribution, manufacture, or copyright notice 2017
300 ## - PHYSICAL DESCRIPTION
Extent 1 online resource
336 ## - CONTENT TYPE
Content type term text
Content type code txt
Source rdacontent
337 ## - MEDIA TYPE
Media type term computer
Media type code c
Source rdamedia
338 ## - CARRIER TYPE
Carrier type term online resource
Carrier type code cr
Source rdacarrier
520 ## - SUMMARY, ETC.
Summary, etc. What is the 'Global South' and where is it? The term 'Global South' marks a new attempt at providing order and meaning in the current global political constellation, replacing the term 'Third World'. But the term 'Global South' is fraught with many ambiguities. This book explores the possible meanings of this new distinction and assesses the advantages and disadvantages of adopting it for understanding the contemporary world. It casts a wide exploratory net, looking at how the way that we interpret the world has changed over time.
653 ## - INDEX TERM--UNCONTROLLED
Uncontrolled term Mappings
653 ## - INDEX TERM--UNCONTROLLED
Uncontrolled term Moral
653 ## - INDEX TERM--UNCONTROLLED
Uncontrolled term North
653 ## - INDEX TERM--UNCONTROLLED
Uncontrolled term Political Science And International Studies
653 ## - INDEX TERM--UNCONTROLLED
Uncontrolled term South
700 1# - ADDED ENTRY--PERSONAL NAME
Personal name Wagner, Peter
856 ## - ELECTRONIC LOCATION AND ACCESS
Uniform Resource Identifier <a href="https://library.oapen.org/bitstream/20.500.12657/22303/1/1007881.pdfhttp://library.oapen.org/handle/20.500.12657/22303">https://library.oapen.org/bitstream/20.500.12657/22303/1/1007881.pdfhttp://library.oapen.org/handle/20.500.12657/22303</a>
942 ## - ADDED ENTRY ELEMENTS (KOHA)
Koha item type E-Book
Holdings
Withdrawn status Damaged status Not for loan Home library Current library Date acquired Total Checkouts Date last seen Price effective from Koha item type
      Directory of Open Access Books Directory of Open Access Books 11/28/2022   11/28/2022 11/28/2022 E-Book

University of Rizal System
Email us at univlibservices@urs.edu.ph

Visit our Website www.urs.edu.ph/library